Lyrics - Runaway by AURORA - Statistics

General Stats
  • This quiz has been taken 62 times
  • The average score is 299 of 371
Answer Stats
Lyrics % Correct
a
100%
I
98%
was
98%
in
95%
the
95%
The
95%
run
91%
it
89%
of
89%
runnin'
89%
away
86%
But
86%
me,
86%
me
86%
saw
86%
And
84%
and
84%
can't
84%
home
84%
home,
84%
ocean
84%
sand
84%
where
84%
belong
82%
belong,
82%
face
82%
far
82%
take
82%
Take
82%
to
82%
up
82%
dancing
80%
my
80%
no,
80%
no
80%
No,
80%
rain
80%
someday ?
80%
someday?
80%
Then
80%
then
80%
vanished
80%
way
80%
when
80%
felt
77%
for
77%
Oh,
77%
oh,
77%
oh
77%
piece
77%
dream,
75%
Heaven
75%
knows,
75%
knows
75%
listenin'
75%
Nobody
75%
nobody
75%
picked
75%
Waitin'
75%
alive
73%
had
73%
hands,
73%
picture
73%
seven
73%
world
73%
you
73%
anymore
70%
Climbin'
70%
from
70%
moment
70%
off
70%
painting
70%
tree
70%
place
68%
Would
68%
complain
66%
go
66%
were
66%
again,
64%
ah
61%
here
61%
thought
61%
soft
59%
this
59%
all
57%
been
57%
fall
57%
have
57%
kept
57%
time
57%
wasn't
57%
lyin'
55%
myself
55%
on
55%
secret
55%
true,
55%
got
52%
I've
52%
patience
52%
dah
50%
other
50%
shelf
48%
farthest
43%
putting
43%
sorrrow
43%
La-di-da
30%
No matching quizzes found
Score Distribution
Percent of People with Each Score
Percentile by Number Answered
Your Score History
You have not taken this quiz